[Event "EU-ch 24th"]
[Site "Petrovac"]
[Date "2024.11.13"]
[Round "6"]
[White "Deuer, Marius"]
[Black "Jobava, Baadur"]
[Result "0-1"]
[WhiteElo "2479"]
[BlackElo "2587"]
[PlyCount "78"]
[EventDate "2024.11.08"]
[EventType "swiss"]
[EventRounds "11"]
[EventCountry "MNE"]
[SourceTitle "CB47_2024"]
[SourceDate "2024.11.20"]
[SourceVersion "1"]
[SourceVersionDate "2024.11.20"]
[SourceQuality "1"]

1. d4 d5 2. c4 dxc4 3. Nf3 Nf6 4. e3 Bg4 5. Bxc4 e6 6. Nc3 Nc6 7. h3 Bh5 8. 0-0 Bd6 9. Re1 Nd7 10. Be2 0-0 11. b3 Nb6 12. Bb2 Nd5 13. Ne4 Bg6 14. Nxd6 cxd6 15. Bd3 Bh5 16. Be2 f5 17. Nd2 Bxe2 18. Qxe2 Rf6 19. g3 Qd7 20. Rac1 Raf8 21. f4 Rh6 22. Kh2 Nce7 23. Ba3 b5 24. Qg2 a5 25. Re2 Rg6 26. Qf3 h6 27. e4 fxe4 28. Nxe4 Nf5 29. Qh5 Nxg3 30. Nxg3 Nxf4 31. Qf3 e5 32. Ne4 Nxe2 33. Qxe2 b4 34. Bb2 d5 35. Ng3 e4 36. Rf1 Qc7 37. Rxf8+ Kxf8 38. Qf1+ Kg8 39. Qf2 Rf6 0-1